01308nam a2200253 a 450000100060000000300080000600500170001400800410003103500190007204000290009104100080012008200350012811000570016324502420022026000310046230000190049350501120051265000420062465100640066694200120073099900170074295201510075995201440091021810BD-RjUL20211209000730.0140305s1957 tu 00000 eng d a(BD-RjUL)21875 aACAEcACAEbengdBD-RjUL aeng04221a327.41009044bMIC V-1 19572 aMinisters of foreign affairs of the U.S.S.R.918593400aCorrespondence between the chairman of the Council of Ministers of the USSR and the Presidents of the USA and the Prime Ministers of Great Britain during the Great Patriotic War of 1941-1945.cMinisters of foreign affairs of the U.S.S.R.0 aMoscow :bProgress,c1957. aVol. ;c22 cm. aVol. 1. -- V. 2. Correspondence with Franklin D. Roosevelt and Harry S. Truman, (August 1941-December 1945) 0aWorld War, 1939-1945xSources.967339 0aSoviet UnionxForeign relationsy1917-1945xSources.967340 2ddccBK c21810d21810 00102ddc40728NFICaRUCLbRUCLcReadingd1958-09-12eU.S.S.R., Karachi.l0o327.41009044 MIC V-1 1957r2014-03-05 00:00:00tC-1w2014-03-05yBK 00102ddc40718NFICaRUCLbRUCLcReadingd1958-09-22eU.S.I.S. R.l0o327.41009044 MIC V-2 1957r2017-01-24 00:00:00tC-1w2017-01-24yBK